[Event "Recife JEBS (Women) op"]
[Site "Recife"]
[Date "2024.09.29"]
[Round "3"]
[White "Tomaz, Giovanna Maria Card"]
[Black "Oliveira, Fernanda Da Silva"]
[Result "0-1"]
[WhiteElo "1800"]
[BlackElo "1800"]
[PlyCount "94"]
[EventDate "2024.09.28"]
[EventType "swiss"]
[EventRounds "6"]
[EventCountry "BRA"]
[SourceTitle "EXT 2025"]
[Source "ChessBase"]
[SourceDate "2024.10.14"]
[SourceVersion "1"]
[SourceVersionDate "2024.10.14"]
[SourceQuality "1"]

1. d4 d5 2. c4 dxc4 3. e3 Nf6 4. Bxc4 Bf5 5. Nc3 e6 6. Nf3 Bb4 7. a3 Bxc3+ 8. bxc3 0-0 9. 0-0 Nbd7 10. d5 e5 11. a4 Re8 12. d6 cxd6 13. Qxd6 Nb6 14. Qxd8 Raxd8 15. Ba3 Nxc4 16. Bc5 b6 17. Nh4 g6 18. Nxf5 gxf5 19. Ba3 Nxa3 20. Rxa3 f4 21. a5 Rd7 22. g3 f3 23. h4 Ng4 24. Rfa1 Red8 25. axb6 axb6 26. e4 b5 27. h5 h6 28. R3a2 Rc8 29. Rc1 Rb7 30. c4 Rbc7 31. Kf1 bxc4 32. Rb2 c3 33. Rbc2 Nf6 34. Kg1 Nxe4 35. Kh2 f5 36. Rg1 Nf6 37. Kh3 Nxh5 38. g4 fxg4+ 39. Rxg4+ Kf7 40. Rh4 Nf4+ 41. Rxf4+ exf4 42. Kg4 Rc4 43. Kxf3 Rb8 44. Kg4 Rb2 45. Rc1 c2 46. f3 Rb1 47. Rxb1 cxb1Q 0-1